000 00963nam a2200277 a 4500
008
020 _a0821332872 (pbk.)
049 _aMAIN
090 _aREF G1046
245 1 0 _aWorld Bank atlas, 1996.
255 _aScale not given ;
_bRobinson proj.
260 _aWashington, DC :
_bWorld Bank,
_c1996.
300 _a1 atlas (36 p.) :
_bcol. ill., col. maps ;
_c22 x 28 cm.
500 _aShows the fundamental development topics of people, environment, economy and states, markets, and global links.
546 _aLanguage: English, French, and Spanish.
500 _a"From the World development indicators."
650 0 _aGross national product
_vMaps.
650 0 _aPopulation
_vStatistics
_vMaps.
710 2 _aWorld Bank.
730 0 _aWorld development indicators.
907 _a.b10223599
_b16-01-07
_c16-01-07
003
005 20230120191419.0
040 _cNUST
942 _cBOOKS
_kREF G1046
999 _c100715
_d100715